|
|
|
|
| LEADER |
00000nab a2200000 a 4500 |
| 001 |
vtls000032489 |
| 003 |
SK-MaSNL |
| 005 |
20260305030650.0 |
| 008 |
111103c1979 xo 0 slo |
| 015 |
|
|
|a SNBRB19rr/mm-uuuuu
|
| 035 |
|
|
|a CL0042583
|
| 040 |
|
|
|a SNKBUCL
|b slo
|c SNKBUCL
|e AACR2
|
| 041 |
0 |
|
|a slo
|
| 044 |
|
|
|a xo
|c SK
|
| 080 |
|
|
|a 631.1
|2 1981
|
| 080 |
|
|
|a 631.8
|2 1981
|
| 100 |
1 |
|
|a Mikuláš, Jozef
|4 aut
|9 356766
|
| 245 |
1 |
0 |
|a Poslanie Krajského združenia agrochemických podnikov na východnom Slovensku
|c Jozef Mikuláš
|
| 650 |
0 |
7 |
|a agrochémia
|2 SNKPH
|9 29503
|
| 650 |
0 |
7 |
|a agrochemické podniky
|2 SNK
|9 958541
|
| 650 |
0 |
7 |
|a krajské združenia agrochemických podnikov
|2 SNK
|9 1607808
|
| 651 |
|
7 |
|a Východoslovenský kraj (Slovensko)
|2 SNKPHgeo
|9 161537
|
| 655 |
|
7 |
|a články z novín a časopisov
|2 SNK
|9 267496
|
| 773 |
0 |
|
|t Informácie MPVž SSR
|g Roč. 7, č. 8 (1979), s. 20-21
|
| 850 |
|
|
|a Slovenská národná knižnica v Martine
|a MTA001
|
| 852 |
|
|
|a SNK
|b KIS3GCP
|
| 958 |
|
|
|a RK
|
| 992 |
|
|
|a RBX
|
| 999 |
|
|
|c 3312621
|d 3314551
|